[Event "AUS-ch Reserves"]
[Site "Geelong"]
[Date "2012.01.06"]
[Round "9"]
[White "Addamo, Michael"]
[Black "Dickson, Ian C"]
[Result "1-0"]
[WhiteElo "1915"]
[BlackElo "1815"]
[PlyCount "57"]
[EventDate "2011.12.27"]
[EventType "swiss"]
[EventRounds "11"]
[EventCountry "AUS"]
[SourceTitle "EXT 2023"]
[Source "ChessBase"]
[SourceDate "2022.10.05"]
[SourceVersion "1"]
[SourceVersionDate "2022.10.05"]
[SourceQuality "1"]

1. h4 d5 2. c4 d4 3. Nf3 c5 4. b4 b6 5. b5 Nf6 6. g3 Bb7 7. Bg2 e5 8. d3 Nbd7 9. a4 Bd6 10. Nbd2 0-0 11. a5 bxa5 12. Qa4 e4 13. Ng5 Bc7 14. Ngxe4 Nxe4 15. Nxe4 Qb8 16. 0-0 f5 17. Ng5 Bxg2 18. Kxg2 Qb7+ 19. Kg1 Rae8 20. Qd1 Nf6 21. Nh3 Ng4 22. Bf4 Bxf4 23. Nxf4 Qc7 24. Qd2 Qe7 25. Rxa5 g5 26. Nd5 Qxe2 27. Qxg5+ Kh8 28. Rxa7 Rg8 29. Nf6 1-0

[Event "AUS-ch Reserves"]
[Site "Geelong"]
[Date "2012.01.02"]
[Round "6"]
[White "Dalton, Samuel"]
[Black "Addamo, Michael"]
[Result "1-0"]
[WhiteElo "1999"]
[BlackElo "1915"]
[PlyCount "47"]
[EventDate "2011.12.27"]
[EventType "swiss"]
[EventRounds "11"]
[EventCountry "AUS"]
[SourceTitle "EXT 2023"]
[Source "ChessBase"]
[SourceDate "2022.10.05"]
[SourceVersion "1"]
[SourceVersionDate "2022.10.05"]
[SourceQuality "1"]

1. e4 c5 2. Nf3 d6 3. d4 cxd4 4. Nxd4 Nf6 5. Nc3 a6 6. Be3 e6 7. f3 Nbd7 8. Qd2 b5 9. g4 h6 10. h4 Bb7 11. 0-0-0 b4 12. Na4 Qa5 13. b3 d5 14. e5 Nxe5 15. Nxe6 Ned7 16. Nxf8 Rxf8 17. g5 Ng8 18. Bh3 Bc6 19. Bxd7+ Bxd7 20. Nb6 Rd8 21. Qxd5 Qxa2 22. Qe5+ Ne7 23. Qc5 Qa3+ 24. Kb1 1-0

[Event "AUS-ch Reserves"]
[Site "Geelong"]
[Date "2011.12.28"]
[Round "2"]
[White "Parker, Trent"]
[Black "Addamo, Michael"]
[Result "1/2-1/2"]
[WhiteElo "1774"]
[BlackElo "1915"]
[PlyCount "91"]
[EventDate "2011.12.27"]
[EventType "swiss"]
[EventRounds "11"]
[EventCountry "AUS"]
[SourceTitle "EXT 2023"]
[Source "ChessBase"]
[SourceDate "2022.10.05"]
[SourceVersion "1"]
[SourceVersionDate "2022.10.05"]
[SourceQuality "1"]

1. d4 Nf6 2. Nf3 e6 3. e3 b6 4. Bd3 Bb7 5. 0-0 d5 6. Nbd2 Nbd7 7. b3 Be7 8. Bb2 0-0 9. Ne5 Nxe5 10. dxe5 Ne4 11. c4 Nxd2 12. Qxd2 dxc4 13. bxc4 Bc5 14. Qe2 Qg5 15. e4 Rad8 16. Rad1 Qg6 17. Kh1 Bd4 18. Ba3 c5 19. f4 Rfe8 20. Rf3 Qg4 21. Qf1 Bc6 22. Rg3 Qh4 23. Qf3 a6 24. Bc1 Qe7 25. Qg4 Qf8 26. Rh3 g6 27. Rf1 Qg7 28. Bd2 b5 29. Be1 bxc4 30. Bxc4 Bxe4 31. Bh4 Bf5 32. Qg3 f6 33. Bxf6 Qf7 34. Rh5 Kf8 35. Rxf5 gxf5 36. Bxd8 Rxd8 37. Qg5 Re8 38. Bxa6 Qg6 39. Qh4 Rb8 40. Bc4 Bc3 41. Qf2 Rb2 42. Qxc5+ Kg7 43. Qe7+ Kh6 44. Qh4+ Kg7 45. Qe7+ Kh6 46. Qh4+ 1/2-1/2

[Event "AUS-ch U18"]
[Site "Mooroolbark"]
[Date "2011.01.23"]
[Round "9"]
[White "Feng, Thomas"]
[Black "Addamo, Michael"]
[Result "1-0"]
[WhiteElo "1661"]
[BlackElo "1641"]
[PlyCount "59"]
[EventDate "2011.01.15"]
[EventType "swiss"]
[EventRounds "9"]
[EventCountry "AUS"]
[SourceTitle "EXT 2013"]
[Source "ChessBase"]
[SourceDate "2012.11.22"]
[SourceVersion "1"]
[SourceVersionDate "2012.11.22"]
[SourceQuality "1"]

1. d4 Nf6 2. Nf3 g6 3. g3 Bg7 4. Bg2 0-0 5. 0-0 d6 6. c4 c6 7. Nc3 Nbd7 8. e4 e5 9. d5 cxd5 10. exd5 Nb6 11. b3 Bg4 12. Qd2 Bxf3 13. Bxf3 e4 14. Bg2 Nbd7 15. Bb2 Nc5 16. Ne2 Re8 17. Bd4 Ng4 18. Bxg7 Kxg7 19. Qf4 f5 20. Nd4 Qf6 21. Nb5 Rad8 22. Qd2 e3 23. fxe3 Rxe3 24. Rae1 Rd3 25. Qc1 a6 26. Nc7 Qd4+ 27. Kh1 Nf2+ 28. Rxf2 Qxf2 29. b4 Rd2 30. Rg1 1-0

[Event "AUS-ch U18"]
[Site "Mooroolbark"]
[Date "2011.01.17"]
[Round "4"]
[White "Gibson, Kyle"]
[Black "Addamo, Michael"]
[Result "1/2-1/2"]
[WhiteElo "1530"]
[BlackElo "1641"]
[PlyCount "94"]
[EventDate "2011.01.15"]
[EventType "swiss"]
[EventRounds "9"]
[EventCountry "AUS"]
[SourceTitle "EXT 2013"]
[Source "ChessBase"]
[SourceDate "2012.11.22"]
[SourceVersion "1"]
[SourceVersionDate "2012.11.22"]
[SourceQuality "1"]

1. e4 c5 2. c3 d5 3. exd5 Qxd5 4. d4 Nf6 5. Nf3 Bg4 6. Be2 e6 7. Be3 cxd4 8. cxd4 Bb4+ 9. Nc3 0-0 10. 0-0 Qd8 11. Qc2 Nc6 12. Rad1 Nd5 13. h3 Bh5 14. Nxd5 Qxd5 15. Bc4 Bg6 16. Qe2 Qa5 17. Nh4 Rfd8 18. Nxg6 hxg6 19. Rd3 Be7 20. a3 Bf6 21. Rfd1 Ne7 22. Qd2 Qxd2 23. R1xd2 Rac8 24. Bb3 Nd5 25. Rd1 Rd6 26. g4 g5 27. Kg2 b5 28. Kf3 a5 29. R3d2 b4 30. a4 Kf8 31. Rd3 Ke8 32. R3d2 Kd7 33. Rd3 Rcc6 34. R3d2 Kc7 35. Rc2 Rxc2 36. Bxc2 Ne7 37. Bb3 g6 38. h4 gxh4 39. Bf4 g5 40. Bxd6+ Kxd6 41. Ke4 Bg7 42. f4 f5+ 43. Kf3 gxf4 44. Kxf4 fxg4 45. Kxg4 Nd5 46. Kxh4 Bf6+ 47. Kh5 Bd8 1/2-1/2

[Event "AUS-ch U18"]
[Site "Mooroolbark"]
[Date "2011.01.16"]
[Round "3"]
[White "Addamo, Michael"]
[Black "Qin, Tomson"]
[Result "0-1"]
[WhiteElo "1641"]
[BlackElo "1028"]
[PlyCount "64"]
[EventDate "2011.01.15"]
[EventType "swiss"]
[EventRounds "9"]
[EventCountry "AUS"]
[SourceTitle "EXT 2013"]
[Source "ChessBase"]
[SourceDate "2012.11.22"]
[SourceVersion "1"]
[SourceVersionDate "2012.11.22"]
[SourceQuality "1"]

1. d4 Nf6 2. c4 c5 3. d5 b5 4. cxb5 a6 5. bxa6 Bxa6 6. Nc3 g6 7. e4 Bxf1 8. Kxf1 d6 9. g3 Bg7 10. Kg2 0-0 11. Nf3 Qb6 12. Re1 Na6 13. e5 Ng4 14. exd6 exd6 15. Nd2 Ne5 16. f4 Nd3 17. Re3 Nxb2 18. Qc2 c4 19. Re2 Nd3 20. Nxc4 Qd4 21. Bd2 Qxc4 22. Re4 Bd4 23. Rd1 Nf2 24. Be3 Nxe4 25. Qxe4 Qxc3 26. Bxd4 Qc4 27. f5 Rfe8 28. Qh4 Qc2+ 29. Kh3 Qxf5+ 30. Kg2 Re2+ 31. Kh1 Qf3+ 32. Kg1 Qg2# 0-1

[Event "AUS-ch U18"]
[Site "Mooroolbark"]
[Date "2011.01.16"]
[Round "2"]
[White "Schon, Eugene"]
[Black "Addamo, Michael"]
[Result "1-0"]
[WhiteElo "2153"]
[BlackElo "1641"]
[PlyCount "55"]
[EventDate "2011.01.15"]
[EventType "swiss"]
[EventRounds "9"]
[EventCountry "AUS"]
[SourceTitle "EXT 2013"]
[Source "ChessBase"]
[SourceDate "2012.11.22"]
[SourceVersion "1"]
[SourceVersionDate "2012.11.22"]
[SourceQuality "1"]

1. e4 c5 2. Nf3 d6 3. d4 cxd4 4. Nxd4 Nf6 5. Nc3 a6 6. Be3 e6 7. f3 b5 8. Qd2 Bb7 9. g4 h6 10. 0-0-0 Nbd7 11. Kb1 b4 12. Nce2 d5 13. exd5 Bxd5 14. Nf4 Qa5 15. Nxd5 Nxd5 16. Bc4 Ne5 17. Bb3 0-0-0 18. Qe2 Bc5 19. Bxd5 Bxd4 20. Bxe6+ fxe6 21. Bxd4 Nc6 22. Qxe6+ Kb7 23. Bxg7 Rhe8 24. Rd7+ Rxd7 25. Qxd7+ Qc7 26. Qxe8 Qxg7 27. Rd1 Kc7 28. Qe6 1-0

[Event "Doeberl Cup Minor 48th"]
[Site "Canberra"]
[Date "2010.04.04"]
[Round "5"]
[White "Addamo, Michael"]
[Black "Mugford, Stephen"]
[Result "1-0"]
[WhiteElo "1376"]
[BlackElo "1379"]
[PlyCount "99"]
[EventDate "2010.04.02"]
[EventType "swiss"]
[EventRounds "7"]
[EventCountry "AUS"]
[SourceTitle "EXT 2012"]
[Source "ChessBase"]
[SourceDate "2011.11.24"]
[SourceVersion "1"]
[SourceVersionDate "2011.11.24"]
[SourceQuality "1"]

1. d4 e6 2. c4 f5 3. g3 Nf6 4. Bg2 Be7 5. Nh3 0-0 6. Nd2 d5 7. Qb3 a5 8. a4 Ne4 9. cxd5 exd5 10. Nxe4 fxe4 11. Nf4 c6 12. Bxe4 Kh8 13. Bg2 Bb4+ 14. Bd2 Bxd2+ 15. Kxd2 Ra6 16. Ke1 Rb6 17. Qc3 Rb4 18. Nd3 Rb6 19. Qxa5 Bf5 20. Ne5 Nd7 21. Nxd7 Bxd7 22. Qd2 Qf6 23. f4 Re8 24. Ra3 Qg6 25. Kf2 Bg4 26. Re1 Qh6 27. Re3 Re6 28. Rxe6 Qxe6 29. a5 Rb5 30. b4 h6 31. e3 Bh3 32. Bf3 Bf5 33. Be2 Be4 34. Bxb5 cxb5 35. Kg1 Qg4 36. Qe2 Bf3 37. Qxb5 Qh3 38. Qf1 Qg4 39. Rc1 Be2 40. Qf2 Bd3 41. Ra1 Qc8 42. Qd2 Be4 43. b5 Qg4 44. Qf2 Qc8 45. a6 Qc3 46. Rf1 bxa6 47. bxa6 Qa3 48. f5 Bd3 49. f6 Bxf1 50. f7 1-0